|
|
|
|
| LEADER |
01158cam a22002891 4500 |
| 001 |
27354 |
| 005 |
20130804112752.0 |
| 008 |
130804s2004 nyua b 000 0 eng |
| 010 |
|
|
|a 53007164
|
| 020 |
|
|
|a 9780471504474
|
| 020 |
|
|
|a 0471504475
|
| 040 |
|
|
|a DLC
|c DLC
|d DLC
|d BD-DhAAL
|
| 050 |
0 |
0 |
|a QA401
|b .C724
|
| 082 |
0 |
0 |
|a 530.151
|2 22
|
| 100 |
1 |
|
|a Courant, Richard,
|d 1888-1972.
|9 2512
|
| 240 |
1 |
0 |
|a Methoden der mathematischen physik.
|l English
|
| 245 |
0 |
0 |
|a Methods of mathematical physics, volume I /
|c R. Courant and D. Hilbert.
|
| 250 |
|
|
|a 1st English ed.,
|b translated and rev. from the German original.
|
| 260 |
|
|
|a New York :
|b Interscience Publishers ;
|b Wiley-VCH Verlag GmbH,
|c 2004
|
| 300 |
|
|
|a 1 v.
|b ill.
|c 24 cm.
|
| 504 |
|
|
|a Includes bibliographical references and index.
|
| 541 |
|
|
|e 27374
|
| 650 |
|
0 |
|a Mathematical physics.
|9 2412
|
| 700 |
1 |
|
|a Hilbert, David,
|d 1862-1943,
|e joint author.
|9 2513
|
| 942 |
|
|
|2 ddc
|c BK
|
| 999 |
|
|
|c 13801
|d 13801
|
| 952 |
|
|
|0 0
|1 0
|2 ddc
|4 0
|6 530_151000000000000_COU
|7 0
|9 23096
|a BRACUL
|b BRACUL
|c GEN
|d 2013-08-04
|e Karim International
|g 12400.00
|l 4
|m 54
|o 530.151 COU
|p 3010027374
|r 2024-09-19
|s 2024-06-25
|t 1
|w 2013-08-04
|y BK
|